Statistics for Island Nations and Territories Trivia Quiz #1

Click here to take the quiz!

General Stats

  • This quiz has been taken 13 times
  • The average score is 10 of 15

Answer Stats

QuestionAnswer% Correct
Which island nation or territory shares the same name with a popular movie franchise?Madagascar
92%
Which is the most densely populated island nation or territory in the world?Macau
85%
In which African island nation where you can find a majority of Hindus?Mauritius
85%
Which island nation is the northernmost region?Iceland
77%
Which island nation shares a single land border with Great Britain?Ireland
77%
Reggae is a type of music that originated from which island nation?Jamaica
77%
Which Oceanian island nation only has a monarchy?Tonga
77%
Which island nations and territories were not part of the British Empire?Tahiti and Cape Verde
69%
Which island nation is the place where the popular singer Hatsune Miku hails from?Japan
62%
Which African island nation is an Arab League member?Comoros
54%
Which one of those islands is not a British Overseas Territory?New Caledonia
54%
Bubble milk tea is a type of drink from which country?Taiwan
54%
Which Oceanian island nation did the Gilbertese language originate from?Kiribati
46%
There is an eagle which is endemic and endangered to that island nation so where can you find it?Philippines
46%
Which Asian island nation has Test status as a full member in cricket?Sri Lanka
46%

Score Distribution

Percentile by Number Answered

Percent of People with Each Score

Your Score History

You have not taken this quiz